Lanean...

Glossery of indexing terms /

Xehetasun bibliografikoak
Egile nagusia: Buchanan, Brian
Formatua: Printed Book
Hizkuntza:English
Argitaratua: London : Clive Bingley, 1976.
LEADER 00476nam a2200145Ia 4500
008 150624b xxu||||| |||| 00| 0 eng d
999 |c 24824  |d 24824 
020 |a 0208013776 
082 |a 025.303 
100 |a Buchanan, Brian 
245 |a Glossery of indexing terms /  |c Brian Buchanan 
260 |a London :  |b Clive Bingley,  |c 1976. 
300 |a 144 p. 
942 |c REF 
952 |0 0  |1 0  |2 ddc  |4 0  |6 025_303000000000000_BUC_G  |7 0  |9 24823  |a UL  |b UL  |c REF  |d 1998-08-28  |l 0  |o 025.303 BUC/G  |p 36072  |r 2012-10-27  |y REF